Competitive Analysis of ITC Snacks & Sales Enhancement Bingo Mad Angles (Record no. 21780)
[ view plain ]
| 000 -LEADER | |
|---|---|
| fixed length control field | 00363nam a22001337a 4500 |
| 008 - FIXED-LENGTH DATA ELEMENTS--GENERAL INFORMATION | |
| fixed length control field | 260121b |||||||| |||| 00| 0 eng d |
| 100 ## - MAIN ENTRY--AUTHOR NAME | |
| Personal name | Daman Dev Sharma |
| 245 ## - TITLE STATEMENT | |
| Title | Competitive Analysis of ITC Snacks & Sales Enhancement Bingo Mad Angles |
| 260 ## - PUBLICATION, DISTRIBUTION, ETC. (IMPRINT) | |
| Place of publication | Jammu |
| Name of publisher | MIET |
| Year of publication | 2024 |
| 300 ## - PHYSICAL DESCRIPTION | |
| Number of Pages | 55 |
| 650 ## - SUBJECT ADDED ENTRY--TOPICAL TERM | |
| Topical Term | Management |
| 942 ## - ADDED ENTRY ELEMENTS (KOHA) | |
| Source of classification or shelving scheme | Dewey Decimal Classification |
| Koha item type | Thesis |
| Accession Number | Price effective from | Koha item type | Withdrawn / writtenoff status | Damaged status | Not for loan | Permanent Location | Current Location | Date acquired | Lost/ Missing status | department |
|---|---|---|---|---|---|---|---|---|---|---|
| STR/C1R049/24 | 01/21/2026 | Thesis | Not For Loan | MIET Library, Jammu | MIET Library, Jammu | 01/15/2026 | MBA |